000 00919nam a2200205Ii 4500
003 JO-AjNU
008 230605s9999||||xx |||||||||||||| ||und||
017 _a1996/9/1207
040 _aJO-AjNU
_bara
_erda
_cJO-AjNU
041 _aara
050 1 4 _aKMM397.5.J67 1996
100 3 _aالمكتبة المركزية - عمان,
_eauthor
_946364
245 0 0 _aالمبادئ القانونية لمحكمة التمييز الأردنية في القضايا الجزائية: مرجع يعتمد الفهرسة الأبجدية الشاملة للمبادئ الجزائية منذ بداية سنة 1992 حتى الشهر التاسع من سنة 1996
264 3 1 _aعمان: المكتبة المركزية، 1996
300 _a141ص
336 _atext
_btxt
_2rdacontent
337 _aunmediated
_bn
_2rdamedia
338 _avolume
_bnc
_2rdacarrier
650 4 _aالقانون الجزائي - الاردن
_946365
999 _aA20163
_c23731
_d23731